SPECIAL ECONOMIC ZONES IN INDIA POLICY P (Record no. 29755)

MARC details
000 -LEADER
fixed length control field 00367nam a2200133Ia 4500
008 - FIXED-LENGTH DATA ELEMENTS--GENERAL INFORMATION
fixed length control field 240624s9999 xx 000 0 und d
041 ## - LANGUAGE CODE
Language code of text/sound track or separate title eng
082 ## - DEWEY DECIMAL CLASSIFICATION NUMBER
Classification number 338.954 TAN
100 ## - MAIN ENTRY--PERSONAL NAME
Personal name TANTRI MALINI L
245 ## - TITLE STATEMENT
Title SPECIAL ECONOMIC ZONES IN INDIA POLICY P
260 ## - PUBLICATION, DISTRIBUTION, ETC.
Date of publication, distribution, etc. 2016
Place of publication, distribution, etc. New Delhi
Name of publisher, distributor, etc. Cambridge University Press
300 ## - PHYSICAL DESCRIPTION
Extent xviii, 171 p.; 23 cm.
365 ## - TRADE PRICE
Currency code RS
Price amount 32
Holdings
Withdrawn status Lost status Damaged status Not for loan Home library Current library Shelving location Date acquired Cost, normal purchase price Full call number Barcode Date last seen Copy number Price effective from Koha item type
        IMTN IMTN Rack 14-A 11/22/2017 800.00 338.954 TAN 29755 06/24/2024 1 06/24/2024 Books
Designed & Maintained by: LRC IMT Nagpur Contact: lrc@imtnag.ac.in© 2024. All Rights Reserved.